|
|
|
|
| LEADER |
01746nam a22003854a 4500 |
| 001 |
27607 |
| 003 |
BD-DhAAL |
| 005 |
20130926155818.0 |
| 008 |
130926s2011 enka b 001 0 eng |
| 010 |
|
|
|a 2011003024
|
| 020 |
|
|
|a 9780415588317 (hardback)
|
| 020 |
|
|
|a 0415588316 (hardback)
|
| 020 |
|
|
|a 9780415588324 (pbk.)
|
| 020 |
|
|
|a 0415588324 (pbk.)
|
| 020 |
|
|
|a 9780203807835 (ebook)
|
| 020 |
|
|
|a 0203807839 (ebook)
|
| 040 |
|
|
|a DLC
|c DLC
|d YDX
|d BTCTA
|d YDXCP
|d UKMGB
|d BWX
|d CDX
|d DLC
|d BD-DhAAL
|
| 050 |
0 |
0 |
|a HJ141
|b .B27 2011
|
| 082 |
0 |
0 |
|a 352.4
|2 22
|
| 100 |
1 |
|
|a Bandy, Gary.
|9 3296
|
| 245 |
1 |
0 |
|a Financial management and accounting in the public sector /
|c Gary Bandy.
|
| 250 |
|
|
|a 1st ed.
|
| 260 |
|
|
|a Abingdon, Oxon ;
|a New York, NY :
|b Routledge,
|c 2011.
|
| 300 |
|
|
|a xvii, 283 p. :
|b ill. ;
|c 24 cm.
|
| 490 |
1 |
|
|a Routledge masters in public management
|
| 504 |
|
|
|a Includes bibliographical references and index.
|
| 505 |
0 |
|
|a The context of managing public money -- Budgets and budgeting -- Taxation and other sources of income -- Controlling income and expenditure -- Financial aspects of decision-making -- Partnerships and contracts -- Accountability and financial reporting -- Audit -- Measuring performance and value-for-money -- Conclusion : ten principles for managing public money.
|
| 541 |
|
|
|e 27607
|
| 650 |
|
0 |
|a Finance, Public.
|9 3297
|
| 650 |
|
0 |
|a Public administration.
|9 3298
|
| 650 |
|
0 |
|a Finance, Public
|x Accounting.
|9 3299
|
| 830 |
|
0 |
|a Routledge masters in public management series.
|9 3300
|
| 942 |
|
|
|2 ddc
|c BK
|
| 999 |
|
|
|c 14032
|d 14032
|
| 952 |
|
|
|0 0
|1 0
|2 ddc
|4 0
|6 352_400000000000000_BAN
|7 0
|9 23523
|a IGS
|b IGS
|c GEN
|d 2013-09-26
|e Trim Education
|g 3475.00
|l 0
|o 352.4 BAN
|p 3010027607
|r 2013-09-26
|t 1
|w 2013-09-26
|y BK
|